<?xml version="1.0" encoding="UTF-8"?>
<record
    xmlns:xsi="http://www.w3.org/2001/XMLSchema-instance"
    xsi:schemaLocation="http://www.loc.gov/MARC21/slim http://www.loc.gov/standards/marcxml/schema/MARC21slim.xsd"
    xmlns="http://www.loc.gov/MARC21/slim">

  <leader>00712nam a22002417a 4500</leader>
  <controlfield tag="003">OSt</controlfield>
  <controlfield tag="005">20260611150221.0</controlfield>
  <controlfield tag="008">260611b        |||||||| |||| 00| 0 eng d</controlfield>
  <datafield tag="020" ind1=" " ind2=" ">
    <subfield code="a">0176157794</subfield>
  </datafield>
  <datafield tag="040" ind1=" " ind2=" ">
    <subfield code="c">Chuka University Library</subfield>
  </datafield>
  <datafield tag="050" ind1=" " ind2=" ">
    <subfield code="a">QA 273</subfield>
    <subfield code="b">.M3 2002</subfield>
  </datafield>
  <datafield tag="100" ind1=" " ind2=" ">
    <subfield code="a">Zimmer David</subfield>
    <subfield code="9">28599</subfield>
  </datafield>
  <datafield tag="245" ind1=" " ind2=" ">
    <subfield code="a">Mathematics of Data Management</subfield>
  </datafield>
  <datafield tag="260" ind1=" " ind2=" ">
    <subfield code="a">Australia</subfield>
    <subfield code="b">Thomson Nelson</subfield>
    <subfield code="c">2002</subfield>
  </datafield>
  <datafield tag="300" ind1=" " ind2=" ">
    <subfield code="a">xix 460 pages</subfield>
    <subfield code="b">Illustrated includes indexes</subfield>
  </datafield>
  <datafield tag="650" ind1=" " ind2=" ">
    <subfield code="a">Mathematics Statistics</subfield>
    <subfield code="9">28600</subfield>
  </datafield>
  <datafield tag="700" ind1=" " ind2=" ">
    <subfield code="a">Cooke Gordon</subfield>
    <subfield code="9">28601</subfield>
  </datafield>
  <datafield tag="700" ind1=" " ind2=" ">
    <subfield code="a">Craven Stewart</subfield>
    <subfield code="9">28602</subfield>
  </datafield>
  <datafield tag="700" ind1=" " ind2=" ">
    <subfield code="a">Farahani Beverly</subfield>
    <subfield code="9">28603</subfield>
  </datafield>
  <datafield tag="700" ind1=" " ind2=" ">
    <subfield code="a">Steinke Thomas </subfield>
    <subfield code="9">28604</subfield>
  </datafield>
  <datafield tag="700" ind1=" " ind2=" ">
    <subfield code="a">Kirkpatrick Chris</subfield>
    <subfield code="9">28605</subfield>
  </datafield>
  <datafield tag="942" ind1=" " ind2=" ">
    <subfield code="2">lcc</subfield>
    <subfield code="c">BK</subfield>
    <subfield code="n">0</subfield>
  </datafield>
  <datafield tag="952" ind1=" " ind2=" ">
    <subfield code="0">0</subfield>
    <subfield code="1">0</subfield>
    <subfield code="2">lcc</subfield>
    <subfield code="4">0</subfield>
    <subfield code="7">0</subfield>
    <subfield code="8">LGL</subfield>
    <subfield code="a">CHK</subfield>
    <subfield code="b">CHK</subfield>
    <subfield code="c">GEN</subfield>
    <subfield code="d">2026-06-11</subfield>
    <subfield code="e">Donation From Books for Africa</subfield>
    <subfield code="l">0</subfield>
    <subfield code="o">QA 273 .M3 2002</subfield>
    <subfield code="p">34055/2026</subfield>
    <subfield code="r">2026-06-11 15:06:09</subfield>
    <subfield code="w">2026-06-11</subfield>
    <subfield code="y">BK</subfield>
  </datafield>
  <datafield tag="999" ind1=" " ind2=" ">
    <subfield code="c">24000</subfield>
    <subfield code="d">24000</subfield>
  </datafield>
</record>
